|
|
|
แสดงรายละเอียดบรรณานุกรม |
|
|
Brief Record
: Get Marc (ISO 2709)
: E-mail record
: |
|
|
| LEADER 00000nam 2200000uu 4500 | |||
| 001 13399128789 | |||
| 003 BCNR | |||
| 008 200618s2566 th a 000 0 tha d | |||
| 020 ^a9786165146586 | |||
| 041 ^atha | |||
| 060 04 ^aWY152^bน656ก 2566 | |||
| 100 0 ^aนิราศศิริ โรจนธรรมกุล | |||
| 245 10 ^aการพยาบาลผู้สูงอายุ :^bด้านการดูแลสุขภาพกายและสุขภาพจิต =Nursing care for elderly : physiology and mental health aspect /^cนิราศศิริ โรจนธรรมกุล | |||
| 246 31 ^aNursing care for elderly : physiology and mental health aspect | |||
| 250 ^aพิมพ์ครั้งที่ 3 | |||
| 260 ^aกรุงเทพฯ :^bไทยควอลิตี้บุ๊คส์ (2006),^c2566 | |||
| 300 ^a[11], 253 หน้า :^bภาพประกอบ, ตาราง ;^c30 ซม. | |||
| 505 0 ^aบทที่ 1 มโนทัศน์การพยาบาลผู้สูงอายุ -- บทที่ 2 ทฤษฎีความสูงอายุ -- บทที่ 3 การเปลี่ยนแปลงตามวัยในผู้สูงอายุ -- บทที่ 4 ปัญหาของผู้สูงอายุ -- บทที่ 5 สุขภาพจิตและปัญหาสุขภาพจิตของผู้สูงอายุ -- บทที่ 6 การดูแลสุขภาพจิตของผู้สูงอายุ -- บทที่ 7 การดูแลสุขภาพกายของผู้สูงอายุ | |||
| 650 4 ^aผู้สูงอายุ^xการพยาบาล | |||
| 650 4 ^aผู้สูงอายุ^xสุขภาพจิต | |||
| 650 4 ^aผู้สูงอายุ^xสุขภาพและอนามัย | |||
| 710 2 ^aมหาวิทยาลัยนานาชาติเอเชีย-แปซิฟิก. ^bคณะพยาบาลศาสตร์มิชชั่น | |||
| 999 ^aบรรณารักษ์ | |||
| คุณยังไม่ได้ล็อกอิน คุณสามารถมีกิจกรรมร่วมกับเว็บไซต์ได้ แต่ต้องล็อกอินก่อน :: |
|
| สถานะ | |||||||||
| 1. | หนังสือ | WY152 น656ก 2566 c.1 Barcode: 087789 | ►หนังสือทั่วไป | On Shelf *เพิ่งรับคืน | |||||
| 2. | หนังสือ | WY152 น656ก 2566 c.2 Barcode: 087790 | ►หนังสือทั่วไป | On Shelf *เพิ่งรับคืน | |||||
| 3. | หนังสือ | WY152 น656ก 2566 c.3 Barcode: 087791 | ►หนังสือทั่วไป | On Shelf *เพิ่งรับคืน | |||||
| 4. | หนังสือ | WY152 น656ก 2566 c.4 Barcode: 087792 | ►หนังสือทั่วไป | On Shelf *เพิ่งรับคืน | |||||
| 5. | หนังสือ | WY152 น656ก 2566 c.5 Barcode: 087793 | ►หนังสือทั่วไป | On Shelf *เพิ่งรับคืน | |||||
| 6. | หนังสือ | WY152 น656ก 2566 c.6 Barcode: 087794 | ►หนังสือทั่วไป | On Shelf *เพิ่งรับคืน | |||||
| 7. | หนังสือ | WY152 น656ก 2566 c.7 Barcode: 087795 | ►หนังสือทั่วไป | On Shelf *เพิ่งรับคืน | |||||
| 8. | หนังสือ | WY152 น656ก 2566 c.8 Barcode: 087796 | ►หนังสือทั่วไป | On Shelf *เพิ่งรับคืน | |||||
| 9. | หนังสือ | WY152 น656ก 2566 c.9 Barcode: 087797 | ►หนังสือทั่วไป | On Shelf *เพิ่งรับคืน | |||||
| 10. | หนังสือ | WY152 น656ก 2566 c.10 Barcode: 087798 | ►หนังสือทั่วไป | On Shelf *เพิ่งรับคืน | |||||
| [แสดง 10/10 รายการ] | |||||||||
| รายการใกล้เคียง ผู้แต่ง [นิราศศิริ โรจนธรรมกุล] |
BibComment |
| คอมเมนท์ทรัพยากรรายการนี้ |
|
|